00377nam a2200133 a 4500008004100000020001500041050001400056100001900070245007800089260003300167300002000200350000900220650001400229120416s1977 ||||||||||||||||| || u a0582641748 aHM 51 Pei aPeil, Margaret10aConsensus and conflict in African Societies: an introduction to sociology aHarlow, EssexbLongmanc1977 axv, 396p. : ill a0.00 0aSOCIOLOGY